Most Populous Connecticut Municipalities in 1900 - Statistics

General Stats
  • This quiz has been taken 4 times
  • The average score is 10 of 15
Answer Stats
Population County Status Municipality % Correct
70,996 Fairfield City Bridgeport
100%
79,850 ________ City Hartford
100%
108,027 ___ _____ City New Haven
100%
17,548 ___ ______ City New London
100%
45,859 New Haven City Waterbury
100%
19,474 Fairfield City Danbury
75%
12,172 Fairfield Town Greenwich
75%
25,998 Hartford City New Britain
75%
19,932 Fairfield Town Norwalk
75%
15,997 Fairfield City Stamford
75%
24,296 New Haven City Meriden
50%
17,251 New London City Norwich
50%
12,681 New Haven City Ansonia
25%
10,601 Hartford Town Manchester
25%
10,541 New Haven Town Naugatuck
0%
No matching quizzes found
Score Distribution
Percent of People with Each Score
Percentile by Number Answered
Your Score History
You have not taken this quiz